Разработка ультразвукового метода и средств автоматизированного контроля плотности нефтепродуктов: автореферат диссертации на соискание ученой степени кандидата технических наук; спец. 05.11.13

Opis bibliograficzny
1. autor: Шаверин Н. В. Никита Владимирович
Korporacja: Томский политехнический университет (ТПУ) Научно-исследовательский институт интроскопии (НИИ ИН)
Kolejni autorzy: Чахлов В. Л. Владимир Лукьянович (научный руководитель)
Streszczenie:Защита сост. 5.11.2003 г.
Język:rosyjski
Wydane: Томск, [Б. и.], 2003
Hasła przedmiotowe:
Format: Książka
KOHA link:https://koha.lib.tpu.ru/cgi-bin/koha/opac-detail.pl?biblionumber=58363

MARC

LEADER 00000nam0a2200000 4500
001 58363
005 20231031055038.0
035 |a (RuTPU)RU\TPU\book\61646 
090 |a 58363 
100 |a 20031201d2003 k y0rusy50 ca 
101 0 |a rus 
102 |a RU 
105 |a a dm 001zy 
200 1 |a Разработка ультразвукового метода и средств автоматизированного контроля плотности нефтепродуктов  |e автореферат диссертации на соискание ученой степени кандидата технических наук  |e спец. 05.11.13  |f Н. В. Шаверин  |g Томский политехнический университет (ТПУ), Научно-исследовательский институт интроскопии (НИИ ИН) ; науч. рук. В. Л. Чахлов 
210 |a Томск  |c [Б. и.]  |d 2003 
215 |a 20 с.  |c ил. 
300 |a Защита сост. 5.11.2003 г. 
320 |a Библиогр.: с. 19-20 (14 назв.) 
452 1 |0 (RuTPU)RU\TPU\book\62934  |t Разработка ультразвукового метода и средств автоматизированного контроля плотности нефтепродуктов  |o автореферат диссертации на соискание ученой степени кандидата технических наук:  |f Н. В. Шаверин  |g Томский политехнический университет ; науч. рук. В. Л. Чахлов  |c Томск  |n Б.и.  |d 2003  |a Шаверин, Никита Владимирович 
610 1 |a химическая технология 
610 1 |a нефтепродукты 
610 1 |a плотность 
610 1 |a автоматизированный контроль 
610 1 |a ультразвуковые методы 
610 1 |a жидкости 
610 1 |a свойства 
610 1 |a авторефераты диссертаций 
610 1 |a труды учёных ТПУ 
675 |a 665.71(04)  |v 3 
686 |a 05.11.13  |2 oksvnk 
700 1 |a Шаверин  |b Н. В.  |g Никита Владимирович 
702 1 |a Чахлов  |b В. Л.  |c физик  |c заслуженный деятель науки и техники Российской Федерации  |c заслуженный профессор Томского политехнического университета, доктор технических наук  |f 1934-2011  |g Владимир Лукьянович  |2 stltpush  |3 (RuTPU)RU\TPU\pers\19882  |4 727 
712 0 2 |a Томский политехнический университет (ТПУ)  |b Научно-исследовательский институт интроскопии (НИИ ИН)  |2 stltpush  |3 (RuTPU)RU\TPU\col\863 
801 1 |a RU  |b 63413507  |c 20031201  |g PSBO 
801 2 |a RU  |b 63413507  |c 20131007  |g PSBO 
942 |c BK